| 000 | 00603nam a2200169 a 4500 | ||
|---|---|---|---|
| 005 | 20140412111426.0 | ||
| 008 | 090626s19uu xx 00 eng d | ||
| 020 | _a0-590-64210-3 | ||
| 050 |
_aTR(GS 793.7 _bF84 1998 |
||
| 100 | _aFranco, Betsy | ||
| 245 |
_aCounting caterpillars and other math poems : _b25 Rhyming poems with instant activities that build early math skills / _cBetsy Franco. |
||
| 260 |
_aU.S.A : _bScholastic, _c1998. |
||
| 300 | _a64p. | ||
| 500 | _aPoems about addition, subtraction, patterning, shapes, simple fractions, and more. | ||
| 650 | _aPoems - Math | ||
| 999 |
_c106219 _d106219 |
||